00756nam a2200181 a 4500003000200000005001700002008004100019050003400060100003700094245010500131260009200236300004000328504004100368650004200409650005200451650003000503650004100533020250415162153.0970101s19uu xx 00 eng d aPGS PN 1992.8.C36b.B175 2004 aBaldemor, Ma. Christina Dayupay. aA study on the effects of watching cartoons on grade six students /cMa. Christina Dayupay Baldemor. aLas Piñas City, Philippines : bSouthville International School and Colleges,c2004. a32 pages :billustrations ;c28 cm. aIncludes bibliographical references. aCartoons and childrenzPhilippines.  aTelevision and childrenvPsychological aspects. aChild behavior and media. aElementary studentsvMedia exposure.